|
|
|
|
| LEADER |
00000nam0a2200000 4500 |
| 001 |
54156 |
| 005 |
20231031050308.0 |
| 035 |
|
|
|a (RuTPU)RU\TPU\book\56769
|
| 090 |
|
|
|a 54156
|
| 100 |
|
|
|a 20030630d1974 k y0rusy50 ca
|
| 101 |
0 |
|
|a rus
|
| 102 |
|
|
|a RU
|
| 105 |
|
|
|a a z 001zy
|
| 200 |
1 |
|
|a Маломощные усилители с распределенным усилением
|f А. А. Кузьмин
|
| 210 |
|
|
|a Москва
|c Советское радио
|d 1974
|
| 215 |
|
|
|a 224 с.
|c ил.
|
| 320 |
|
|
|a Библиогр.: с. 217-221.
|
| 610 |
1 |
|
|a широкополосные усилители
|
| 610 |
1 |
|
|a распределители
|
| 610 |
1 |
|
|a каскады
|
| 610 |
1 |
|
|a транзисторные усилители
|
| 610 |
1 |
|
|a маломощные усилители
|
| 675 |
|
|
|a 621.375.14
|v 3
|
| 700 |
|
1 |
|a Кузьмин
|b А. А.
|g Альберт Александрович
|
| 801 |
|
1 |
|a RU
|b 63413507
|c 20030630
|g PSBO
|
| 801 |
|
2 |
|a RU
|b 63413507
|c 20111207
|g PSBO
|
| 942 |
|
|
|c BK
|